Mot mystérieux - Série 47 - Statistiques

Statistiques générales
  • Ce quiz a été pris 128 fois
  • Le résultat moyen est 6 sur 10
Statistiques - réponses
Indices Mot % Correct
blé - cheveu - stationnement - maîs épi
89%
escargot - huitre - noix - oeuf coquille
86%
ail - vanille - plomb - pois gousse
80%
parlementaire - bananes - baisse - sel régime
57%
nordique - chausssures - silencieuse - état marche
56%
linge - cou- piano- échelle corde
54%
campagne - croûte - maison - couille pâté
54%
nuit - cul - col - manche chemise
52%
singe - pape - porte - fausse monnaie
50%
mule- monnaie - François - escargots pape
34%
Aucun quiz correspondant
Distribution des résultats
% des personnes avec chaque résultat
Percentile par nombre de réponses
Votre historique - résultats
Vous n’avez pas pris ce quiz